| 000 | 00431pab a2200169 454500 | ||
|---|---|---|---|
| 008 | 180718b2009 xxu||||| |||| 00| 0 eng d | ||
| 100 | _aPatro, Sanjay | ||
| 245 | _aApollo health and lifestyle limited: retail franchising in the healthcare industry | ||
| 260 | _c2009 | ||
| 300 | _ap.91-105. | ||
| 362 | _aApr-Jun | ||
| 650 | _aHealth services | ||
| 700 | _aVinay Kumar | ||
| 773 | _aVikalpa | ||
| 908 | _aN | ||
| 909 | _a83053 | ||
| 999 |
_c83053 _d83053 |
||